| 000 | 00810nam a2200217 i 4500 | ||
|---|---|---|---|
| 001 | bg | ||
| 100 | 1 | _aStopa, Adam. | |
| 245 |
_aO treści książek : _bopracowanie rzeczowe piśmiennictwa / _cAdam Stopa ; Centrum Edukacji Bibliotekarskiej, Informacyjnej i Dokumentacyjnej. |
||
| 260 |
_aWarszawa : _bWydawnictwo Centrum Edukacji Bibliotekarskiej, Informacyjnej i Dokumentacyjnej, _c2002. |
||
| 300 |
_a196 s. ; _bil. _c24 cm. |
||
| 504 | _aBibliogr. s. 182-191. Indeks. | ||
| 650 | 9 | _aOpracowanie rzeczowe | |
| 020 | _a8388581074 | ||
| 040 | _cBPK | ||
| 041 | 0 | _apol | |
| 044 | _aPOL | ||
| 080 | _a025.4 | ||
| 942 | _cKS | ||
| 008 | s pl f |000 0 pol | ||
| 999 |
_c54655 _d54655 |
||
| 856 |
_uhttp://koha.tu.koszalin.pl/cgi-bin/koha/opac-detail.pl?biblionumber=54655 _yKatalog online BPK |
||